| 000 | 00609 a2200193 4500 | ||
|---|---|---|---|
| 020 | _a0780360311 | ||
| 040 |
_aDLC _bDLC |
||
| 082 | 0 | 0 | _a621.381/3 |
| 100 | 1 | _aCollin, Robert E. | |
| 245 | 1 | 0 |
_aFoundations for microwave engineering _cRobert E. Collin |
| 250 | _a2nd ed. | ||
| 260 |
_aNew York : _bIEEE Press, _cc2001. |
||
| 300 |
_axix, 924 p. : _bill. ; _c24 cm. |
||
| 440 | 0 | _aIEEE Press series on electromagnetic wave theory | |
| 500 | _aOriginally published: New York : McGraw Hill, c1992. | ||
| 500 | _a"An IEEE Press classic reissue." | ||
| 650 | 0 | _aMicrowave devices. | |
| 942 |
_cBK _k621.3813 COL _2ddc |
||
| 999 |
_c4571 _d4571 |
||